000 00446nam a2200181Ia 4500
001 1363
005 20260306143723.0
008 260306t1992||||xx |||||||||||||| ||spa||
041 _aESP
082 _a196.1
_bM64
100 _aMiró Quesada Cantuarias, Francisco
_eAUT
245 0 _aRazón e historia en Ortega y Gasset
260 _c1992
300 _a138 páginas :
_c20 cm.
650 _aGEN
654 _aCHU
942 _cLIB
_dJUS
_fJUS
_2ddc
_n
999 _c1363
_d1363